| 000 | 01138nam a2200217Ia 4500 | ||
|---|---|---|---|
| 003 | Ost | ||
| 005 | 20260507075738.0 | ||
| 008 | 260507s9999||||xx |||||||||||||| ||und|| | ||
| 020 | _a9773420787 | ||
| 040 | _cfsecg | ||
| 041 | _aara | ||
| 082 | _a330.121 | ||
| 100 |
_aحسن، أيوب _eمؤلف |
||
| 245 | 0 |
_aفقه المعاملات المالية في الاسلام / _c أيوب حسن |
|
| 260 |
_aالقاهرة: _bدار السلام, _c2003 |
||
| 300 |
_a493 صفحة؛ _bإيضاحات ؛ _c25 سم |
||
| 520 | _aكتاب البيوع،باب القروض،السلع،باب الرهن،باب الشركة،باب الاجارة،باب الهبة والهدية،باب الوقف،باب الوصايا،باب الصلح،باب اللقطةوالضالة،باب اللقيط،باب الغضب،باب التفليس والحجر،باب الإقرار،باب الشفعة،باب الوكالة،باب إحياء المواقف والإقطاع،باب الحوالة،باب الضمان(الكفالة) | ||
| 653 | _aالاقتصاد الاسلامي | ||
| 653 | _aالمعاملات | ||
| 942 | _cكتاب | ||
| 999 |
_c46115 _d46115 |
||